Vista normal
Vista MARC
Entrada Personal Name
Número de registros utilizados en: 3
001 - CONTROL NUMBER
- control field: 16183
003 - CONTROL NUMBER IDENTIFIER
- control field: DLC
005 - DATE AND TIME OF LATEST TRANSACTION
- control field: 20240904105201.0
008 - FIXED-LENGTH DATA ELEMENTS
- fixed length control field: 981019n| acannaab| |n aaa c
010 ## - LIBRARY OF CONGRESS CONTROL NUMBER
- LC control number: no 98116356
035 ## - SYSTEM CONTROL NUMBER
- System control number: (OCoLC)oca04840679
040 ## - CATALOGING SOURCE
- Original cataloging agency: NmU
- Transcribing agency: Mx-PuUPA
- Language of cataloging: spa
- Modifying agency: Mx-PuUPA
- Description conventions: rda
046 ## - SPECIAL CODED DATES
- Birth date: 1951
100 10 - HEADING--PERSONAL NAME
- Personal name: Celis, Claudia,
- Dates associated with a name: 1951-
374 ## - OCCUPATION
- Occupation: Autor
375 ## - GENDER
- Gender: mujer
377 ## - ASSOCIATED LANGUAGE
- Language code: spa
670 ## - SOURCE DATA FOUND
- Source citation: Donde habitan los ángeles, c1997:
- Information found: t.p. (Claudia Celis) p. 4 of cover (b. Tepexpan, 1951; teacher; dip. in creative writing)